Computer Fundamentals and Programming in C/ (Record no. 188482)

MARC details
000 -LEADER
fixed length control field 00608nam a22001817a 4500
005 - DATE AND TIME OF LATEST TRANSACTION
control field 20220525110534.0
010 ## - LCCN (DPL NO)
LC control number ENG-132801
020 ## - INTERNATIONAL STANDARD BOOK NUMBER
International Standard Book Number 978-93-530-6612-3
Terms of availability 502.00
035 ## - SYSTEM CONTROL NUMBER
System control number EN-116333
037 ## - SOURCE OF ACQUISITION
Source of stock number/acquisition DBAD/PUB
082 ## - DEWEY DECIMAL CLASSIFICATION NUMBER
Classification number 005.133
100 ## - MAIN ENTRY--PERSONAL NAME
Personal name Goel Anita
245 ## - TITLE STATEMENT
Title Computer Fundamentals and Programming in C/
Statement of responsibility, etc Anita Goel and Ajay Mittal
260 ## - PUBLICATION, DISTRIBUTION, ETC. (IMPRINT)
Place of publication, distribution, etc Noida
Name of publisher, distributor, etc Pearson India Education Services PVt. Ltd.
Date of publication, distribution, etc 2019
270 ## - ADDRESS
City Noida
Address 15th Floor, Tower-B, World Trade Tower, Plot No.1, Block-C,Sec.16
Postal code 201301
300 ## - PHYSICAL DESCRIPTION
Extent xx, v.p
Dimensions 23cm(pbk)
942 ## - ADDED ENTRY ELEMENTS (KOHA)
Source of classification or shelving scheme Dewey Decimal Classification
Item type English Books
Classification part 005.133
Call number suffix GOE
Holdings
Withdrawn status Lost status Not for loan Collection code Home library Current library Date acquired Source of acquisition Cost, normal purchase price Full call number Barcode Copy number Cost, replacement price Koha item type
      Non-fiction Patel Nagar Patel Nagar 25/05/2022 DBAD/PUB 502.00 005.133 GOE EN-116333 1 502.00 English Books

© Delhi Public Library
Hit Counter
free hit counter